| 000 | 00577nam a22001937a 4500 | ||
|---|---|---|---|
| 999 |
_c16186 _d16186 |
||
| 003 | AR-CdUCM | ||
| 008 | 190427b ||||| |||| 00| 0 spa d | ||
| 040 |
_aMUNICIPALIDAD PROVINCIAL DEL CUSCO _cBIBLIOTECA MUNICIPAL DEL CUSCO |
||
| 082 |
_aEP / 803 / _bP54 |
||
| 110 |
_aMinisterio de educación. _97870 |
||
| 245 | _aPiel de plata / | ||
| 260 |
_aLima : _bMinisterio de educación, |
||
| 300 |
_a27 páginas ; _c16 cm. _bIlustraciones, |
||
| 500 | _aCuento. | ||
| 650 |
_aHistorietas _910786 |
||
| 650 |
_aCuentos _9217 |
||
| 942 |
_2ddc _cLIBROS |
||
| 945 |
_arum1 _d2019-05-02 |
||